<?xml version="1.0" encoding="UTF-8"?><?xml-stylesheet type="text/xsl" href="static/style.xsl"?><OAI-PMH xmlns="http://www.openarchives.org/OAI/2.0/" xmlns:xsi="http://www.w3.org/2001/XMLSchema-instance" xsi:schemaLocation="http://www.openarchives.org/OAI/2.0/ http://www.openarchives.org/OAI/2.0/OAI-PMH.xsd"><responseDate>2026-04-17T05:48:31Z</responseDate><request verb="GetRecord" identifier="oai:www.recercat.cat:11351/12408" metadataPrefix="marc">https://recercat.cat/oai/request</request><GetRecord><record><header><identifier>oai:recercat.cat:11351/12408</identifier><datestamp>2025-10-24T10:47:45Z</datestamp><setSpec>com_2072_431750</setSpec><setSpec>com_2072_378040</setSpec><setSpec>col_2072_431760</setSpec></header><metadata><record xmlns="http://www.loc.gov/MARC21/slim" xmlns:dcterms="http://purl.org/dc/terms/" xmlns:xsi="http://www.w3.org/2001/XMLSchema-instance" xmlns:doc="http://www.lyncode.com/xoai" xsi:schemaLocation="http://www.loc.gov/MARC21/slim http://www.loc.gov/standards/marcxml/schema/MARC21slim.xsd">
   <leader>00925njm 22002777a 4500</leader>
   <datafield ind2=" " ind1=" " tag="042">
      <subfield code="a">dc</subfield>
   </datafield>
   <datafield ind2=" " ind1=" " tag="260">
      <subfield code="c">2025-01-14T12:15:40Z</subfield>
   </datafield>
   <datafield ind2=" " ind1=" " tag="260">
      <subfield code="c">2025-01-14T12:15:40Z</subfield>
   </datafield>
   <datafield ind2=" " ind1=" " tag="260">
      <subfield code="c">2024-11</subfield>
   </datafield>
   <datafield ind2=" " ind1=" " tag="520">
      <subfield code="a">Vitamines; Minerals; Complements alimentaris</subfield>
   </datafield>
   <datafield ind2=" " ind1=" " tag="520">
      <subfield code="a">Vitaminas; Minerales; Complementos alimenticios</subfield>
   </datafield>
   <datafield ind2=" " ind1=" " tag="520">
      <subfield code="a">Vitamins; Minerals; Food supplements</subfield>
   </datafield>
   <datafield ind2=" " ind1=" " tag="520">
      <subfield code="a">El Sistema d'Alerta Ràpida per a Aliments i Pinsos de la Unió&#xd;
Europea (RASFF), ha recollit, entre l’1 de gener i el 30 de&#xd;
setembre d’enguany, 17 alertes associades a complements&#xd;
alimentaris que presenten nivells de vitamines per sobre de&#xd;
les corresponents UL (Tolerable Upper Intake Level).</subfield>
   </datafield>
   <datafield ind2=" " ind1=" " tag="520">
      <subfield code="a">El Sistema de Alerta Rápida para Alimentos y Piensos de la&#xd;
Unión Europea (RASFF), ha recogido, entre el 1 de enero y el&#xd;
30 de septiembre de este año, 17 alertas asociadas a&#xd;
complementos alimenticios que presentan niveles de&#xd;
vitaminas por encima de las correspondientes UL (Tolerable Upper Intake Level).</subfield>
   </datafield>
   <datafield ind2=" " ind1=" " tag="520">
      <subfield code="a">The European Union's Rapid Alert System for Food and Feed (RASFF) has received, between January 1 and September 30 of this year, 17 alerts associated with food supplements that have vitamin levels above the corresponding UL (Tolerable Upper Intake Level).</subfield>
   </datafield>
   <datafield ind1="8" ind2=" " tag="024">
      <subfield code="a">http://hdl.handle.net/11351/12408</subfield>
   </datafield>
   <datafield tag="653" ind2=" " ind1=" ">
      <subfield code="a">Hipervitaminosi</subfield>
   </datafield>
   <datafield tag="653" ind2=" " ind1=" ">
      <subfield code="a">Suplements nutritius</subfield>
   </datafield>
   <datafield tag="653" ind2=" " ind1=" ">
      <subfield code="a">HEALTH SURVEILLANCE::Health Surveillance of Products::Control and Sanitary Supervision of Foods and Beverages::Food::Foods, Specialized::Food, Formulated::Dietary Supplements</subfield>
   </datafield>
   <datafield tag="653" ind2=" " ind1=" ">
      <subfield code="a">TECHNOLOGY, INDUSTRY, AND AGRICULTURE::Food and Beverages::Food::Nutrients::Micronutrients::Vitamins</subfield>
   </datafield>
   <datafield tag="653" ind2=" " ind1=" ">
      <subfield code="a">VIGILANCIA SANITARIA::control sanitario de productos::control y supervisión sanitaria de alimentos y bebidas::alimentos::alimentos especializados::alimentos formulados::suplementos dietéticos</subfield>
   </datafield>
   <datafield tag="653" ind2=" " ind1=" ">
      <subfield code="a">TECNOLOGÍA, INDUSTRIA Y AGRICULTURA::alimentos y bebidas::alimentos::nutrientes::micronutrientes::vitaminas</subfield>
   </datafield>
   <datafield ind2="0" ind1="0" tag="245">
      <subfield code="a">Quan l’excés de vitamines és el problema: les hipervitaminosis i els complements alimentaris; primera part</subfield>
   </datafield>
   <datafield ind2="0" ind1="0" tag="245">
      <subfield code="a">Cuando el exceso de vitaminas es el problema: las hipervitaminosis y los complementos alimenticios: primera parte</subfield>
   </datafield>
</record></metadata></record></GetRecord></OAI-PMH>